• 首页
  • 本馆介绍
  • 公告通知
  • 最新文献
  • 馆藏检索
  • 电子资源
  • 读者导购
  • 参考咨询
  • 我的图书馆
  • 登录
  • 详细信息显示
  • 放入我的书架
  • 预约/预借图书
  • 作者相关作品
  • 分类相关作品
  • 丛书相关作品
  • 出版社相关作品

书目信息

  • 表格格式
  • 工作单格式
  • 卡片格式
题名:
摄影冲洗与配方
    
 
作者: 周孟春 编写
分册:  
出版信息: 上海   上海人民美术出版社  1978
页数: 96页
开本: 19cm
丛书名: 实用摄影知识丛书
单 册:
中图分类: TB882
科图分类:
主题词: 摄影-冲洗--配方 , 冲洗-摄影--配方
电子资源:
ISBN:
000 00736nam2 2200265 45
001 0178001194
005 20070922103450.21
010    @dCNY0.24
091    @a8081.11257
100    @a19950801d1978 em y0chiy0121 ea
101 0  @achi
102    @aCN@b310000
105    @ay z 000yy
200 10 @a摄影冲洗与配方@Ashe ying chong xi yu pei fang@f周孟春等编写@Fzhou meng chun deng bian xie
205    @a新1版
210    @a上海@c上海人民美术出版社@d1978
215    @a96页@d19cm
225 2  @a实用摄影知识丛书
410  0 @120010@a实用摄影知识丛书
606    @a摄影-冲洗@x配方
606    @a冲洗-摄影@x配方
690    @aTB882@v4
701  0 @a周孟春@Azhou meng chun@4编写
801  0 @aCN@bTSSF@c20070922
905    @a10447@dTB882@e3
    
    摄影冲洗与配方/周孟春等编写.-新1版.-上海:上海人民美术出版社,1978
    96页;19cm.-(实用摄影知识丛书)
    
    
    ISBN :CNY0.24
    
●
相关链接 在E读中查询图书 在五车中查询图书 在当当中查询图书 在豆瓣中查询图书


正题名:摄影冲洗与配方     索取号:TB882/3         预约/预借

序号 登录号 条形码 馆藏地/架位号 状态 备注
1 0008964   202245659   密集书库/ [索取号:TB882/3] 在馆    
2 0008965   001359755   密集书库/ [索取号:TB882/3] 在馆    
3 0609530   206095303   密集书库/ [索取号:TB882/3] 在馆    
唐山师范学院图书馆 欢迎您!
大连网信软件有限公司© 版权所有